000 00750nam a2200241 a 4500
999 _c4166
_d4166
001 4166
003 BD-JhCC
005 20171123185449.0
008 171123s2008 bg |||| |||| 000 0 mul d
035 _a(BD-JhCC)4166
040 _aBD-JhCC
_dBD-JhCC
041 _aEnglish and Bengali
082 _222
_a428.249
_bRAZ 2008
100 _aRaza, Shah Md. Mokshadul Islam
245 _aHand Book of Communicative English Grammar & Composition /
_cSha Md. Mokshadul Islam Raza ; Md. Kamrul Hassan and Md. Humayun Kabir
260 _aDhaka :
_bCurrent Publications,
_c2008.
300 _a640 p. :
_c23 cm.
650 _aEnglish language
_xGrammar
700 _aHassan, Md. Kamrul
700 _aKabir, Md. Humayun
942 _2ddc
_cBK